Syndrom CAN a způsob péče o rodinný systém / kolektiv autorů
Record details
- ISBN: 978-80-86684-47-5
- Physical Description: 229 s. ; 21 cm + 1 CD
- Edition: Vyd. 1.
- Publisher: Praha : IREAS, 2007
Content descriptions
| General Note: | Na rubu tit. s. jako autoři uvedeni Věra Bechyňová ... [et al.] 500 výt. |
| Bibliography, etc. Note: | Obsahuje bibliografie a bibliografické odkazy |
Search for related items by subject
| Subject: | syndrom CAN týrané děti sexuálně zneužívané děti zanedbávané děti rodinná psychoterapie child abuse and neglect abused children sexually abused children neglect children family psychotherapy |
| Genre: | sborníky miscellanea |
Available copies
- 1 of 1 copy available at Common Catalog SPOK.
Holds
- 0 current holds with 1 total copy.
Show Only Available Copies
| Location | Call Number / Copy Notes | Barcode | Shelving Location | Status | Due Date |
|---|---|---|---|---|---|
| Jabok Library | SPr-3.7.5/B | 424480020924 | Odborná literatura | Available | - |
| LDR | 01810cam a2200505 a 4500 | ||
|---|---|---|---|
| 001 | 12856 | ||
| 003 | CZ-PrJAB | ||
| 005 | 20190813074208.0 | ||
| 007 | ta | ||
| 008 | 070802s2007 xr f 000 0 cze d | ||
| 015 | . | ‡acnb001719824 | |
| 020 | . | ‡a978-80-86684-47-5 ‡q(brož.) | |
| 035 | . | ‡a(CZ PrNK)nkc20071719824 | |
| 035 | . | ‡a(OCoLC)190752261 | |
| 040 | . | ‡aKLG001 ‡bcze ‡dBOA001 ‡dABA001 ‡dOLA001 | |
| 072 | 7. | ‡a364 ‡xSociální problémy vyžadující podporu a pomoc. Sociální zabezpečení ‡2Konspekt ‡918 | |
| 080 | . | ‡a364.63-053.2:616-008.6 ‡2MRF | |
| 080 | . | ‡a364.63-053.2 ‡2MRF | |
| 080 | . | ‡a364.633-053.2 ‡2MRF | |
| 080 | . | ‡a364.635-053.2 ‡2MRF | |
| 080 | . | ‡a364.642-785.4 ‡2MRF | |
| 080 | . | ‡a(082) ‡2MRF | |
| 245 | 0 | 0. | ‡aSyndrom CAN a způsob péče o rodinný systém / ‡ckolektiv autorů |
| 250 | . | ‡aVyd. 1. | |
| 260 | . | ‡aPraha : ‡bIREAS, ‡c2007 | |
| 300 | . | ‡a229 s. ; ‡c21 cm + ‡e1 CD | |
| 500 | . | ‡aNa rubu tit. s. jako autoři uvedeni Věra Bechyňová ... [et al.] | |
| 500 | . | ‡a500 výt. | |
| 504 | . | ‡aObsahuje bibliografie a bibliografické odkazy | |
| 650 | 0 | 7. | ‡asyndrom CAN ‡7ph427565 ‡2czenas |
| 650 | 0 | 7. | ‡atýrané děti ‡7ph116519 ‡2czenas |
| 650 | 0 | 7. | ‡asexuálně zneužívané děti ‡7ph115772 ‡2czenas |
| 650 | 0 | 7. | ‡azanedbávané děti ‡7ph116738 ‡2czenas |
| 650 | 0 | 7. | ‡arodinná psychoterapie ‡7ph116048 ‡2czenas |
| 650 | 0 | 9. | ‡achild abuse and neglect ‡2eczenas |
| 650 | 0 | 9. | ‡aabused children ‡2eczenas |
| 650 | 0 | 9. | ‡asexually abused children ‡2eczenas |
| 650 | 0 | 9. | ‡aneglect children ‡2eczenas |
| 650 | 0 | 9. | ‡afamily psychotherapy ‡2eczenas |
| 655 | 7. | ‡asborníky ‡7fd163935 ‡2czenas | |
| 655 | 9. | ‡amiscellanea ‡2eczenas | |
| 700 | 1 | . | ‡aBechyňová, Věra, ‡d1962- ‡7mzk2005294835 ‡4aut |
| 910 | . | ‡aABG312 | |
| 901 | . | ‡a12856 ‡bCZ PrNK ‡c12856 ‡tbiblio | |